ბათუმის შოთა რუსთაველის სახელმწიფო უნივერსიტეტის ბიბლიოთეკა

სპორტული მოთხრობები (ბიბ.ჩანაწერი № 49762)

000 -LEADER
fixed length control field 00758nam a2200217Ia 4500
001 - CONTROL NUMBER
control field 16697
003 - CONTROL NUMBER IDENTIFIER
control field GE_BSU
008 - FIXED-LENGTH DATA ELEMENTS--GENERAL INFORMATION
fixed length control field 181216s||||||||xx |||||||||||||| ||und||
040 ## - CATALOGING SOURCE
Transcribing agency GE_BSU
080 ## - UNIVERSAL DECIMAL CLASSIFICATION NUMBER
Universal Decimal Classification number 796 + 821.161.1-32 + 821.161.1.03=353.1
100 ## - MAIN ENTRY--PERSONAL NAME
Personal name კასილი, ლევ
245 ## - TITLE STATEMENT
Title სპორტული მოთხრობები
245 ## - TITLE STATEMENT
Statement of responsibility, etc. თარგმნა უშანგი ბახტაძემ.რედ. ნ.ასათიანი
260 ## - PUBLICATION, DISTRIBUTION, ETC.
Place of publication, distribution, etc. თბილისი
260 ## - PUBLICATION, DISTRIBUTION, ETC.
Name of publisher, distributor, etc. საბჭ. საქართველო
260 ## - PUBLICATION, DISTRIBUTION, ETC.
Date of publication, distribution, etc. 1970
300 ## - PHYSICAL DESCRIPTION
Extent 227გვ. : ილ. ; 20სმ
653 ## - INDEX TERM--UNCONTROLLED
Uncontrolled term სპორტი
653 ## - INDEX TERM--UNCONTROLLED
Uncontrolled term სპორტული მოთხრობები
942 ## - ADDED ENTRY ELEMENTS (KOHA)
Koha item type წიგნი
ეგზემპლარები
Withdrawn status Lost status Damaged status Not for loan Date acquired Barcode Date last seen Price effective from Koha item type
        2018-12-17 21313 2018-12-17 2018-12-17 წიგნი